Countries That Don't Recognize Israel - Sudden Death - Statistics

General Stats
  • This quiz has been taken 134 times
  • The average score is 6 of 19
Answers on the Grid
Answers color-coded by a green-red scale on the quiz's grid according to % correct below.
Saudi Arabia
Oman
Sudan
Yemen
Cuba
North Korea
Eritrea
Malaysia
Burkina Faso
Afghanistan
Pakistan
Kuwait
Senegal
Indonesia
Iraq
Libya
Brunei
Syria
Somalia
Vietnam
Chad
Djibouti
Jordan
Bangladesh
Lebanon
Tunisia
Morocco
Sudan
 
Answer Stats
Answer % Correct
Saudi Arabia
65%
Oman
55%
Yemen
49%
North Korea
46%
Afghanistan
42%
Iraq
41%
Syria
38%
Libya
37%
Cuba
27%
Lebanon
27%
Somalia
25%
Pakistan
24%
Indonesia
21%
Kuwait
21%
Malaysia
20%
Tunisia
18%
Bangladesh
15%
Brunei
13%
Djibouti
13%
No matching quizzes found
Score Distribution
Percent of People with Each Score
Percentile by Number Answered
Your Score History
You have not taken this quiz